Šťastný príbeh jednej "nevinnej" značky
Príbeh Innocent drinks. Vznik značky Innocent, ktorá zbiera jedno ocenenie za druhým. Zásady, ktorými sa zakladatelia Innocent riadia. Marketingová stratégia, aktivity a marketingová podpora.
Saved in:
| Main Author: | |
|---|---|
| Format: | Book Chapter |
| Language: | Slovak |
| Subjects: | |
| Tags: |
No Tags, Be the first to tag this record!
|
MARC
| LEADER | 00000naa a2200000 4500 | ||
|---|---|---|---|
| 001 | 0156626 | ||
| 005 | 20240502072733.0 | ||
| 041 | 0 | |a slo | |
| 044 | |a SK | ||
| 245 | 1 | 0 | |a Šťastný príbeh jednej "nevinnej" značky |c Katarína Chomová |
| 520 | |a Príbeh Innocent drinks. Vznik značky Innocent, ktorá zbiera jedno ocenenie za druhým. Zásady, ktorými sa zakladatelia Innocent riadia. Marketingová stratégia, aktivity a marketingová podpora. | ||
| 610 | 2 | 0 | |a marketing |
| 610 | 2 | 0 | |a stratégia marketingová |
| 610 | 2 | 0 | |a stratégia obchodná |
| 610 | 2 | 0 | |a nástroje marketingové |
| 610 | 2 | 0 | |a plán marketingový |
| 610 | 2 | 0 | |a podpora predaja |
| 610 | 2 | 0 | |a skupiny cieľové |
| 610 | 2 | 0 | |a riadenie vzťahov so zákazníkmi |
| 100 | 1 | |a Chomová, Katarína, 1983- | |